| 000 | 00540nam a2200205Ia 4500 | ||
|---|---|---|---|
| 008 | 180207s9999 xx 000 0 und d | ||
| 020 | _a9781442406537 | ||
| 050 | _bS535 2010 | ||
| 100 | _aShaw, Natalie | ||
| 245 | _aSuper sweet dreams! : | ||
| 245 | _ba flip-the-flap story / | ||
| 245 | _cNatalie Shaw ; illustrated by Victoria Miller. | ||
| 250 | _aFirst edition. | ||
| 260 | _aNew York : | ||
| 260 | _bNickelodeon, | ||
| 260 | _c2010 | ||
| 300 | _aunpaged : | ||
| 300 | _bcolor illustration ; | ||
| 440 | _aNihao, kai-lan. | ||
| 999 |
_c355240 _d355240 |
||